| 000 | 00472nam a22001697a 4500 | ||
|---|---|---|---|
| 005 | 20250221201843.0 | ||
| 008 | 250221b |||||||| |||| 00| 0 eng d | ||
| 020 | _a9780071083812 | ||
| 050 |
_aHD62.4 _b.H548 HIL |
||
| 100 | _aHill Charles W. L. | ||
| 245 |
_aGlobal Business Today _cCharles W. L. Hill |
||
| 250 | _a6th Ed. | ||
| 260 |
_aBoston _bMcGraw-Hill _c2009 |
||
| 300 |
_axxiii. 608p. _bill. col. maps _c24 cm |
||
| 650 | _2Business | ||
| 942 |
_2lcc _cBK _e6th Ed. _n0 |
||
| 999 |
_c4085 _d4085 |
||